La riqueza y la pobreza de las naciones: por qué algunas son tan ricas y otras son tan pobres
Sparad:
| Huvudupphovsman: | |
|---|---|
| Materialtyp: | Bok |
| Språk: | spanska |
| Publicerad: |
Barcelona
Crítica
1999
|
| Serie: | Serie Mayor
|
| Ämnen: | |
| Taggar: |
Lägg till en tagg
Inga taggar, Lägg till första taggen!
|
MARC
| LEADER | 00000nam a2200000 a 4500 | ||
|---|---|---|---|
| 001 | UCL7106 | ||
| 003 | CL-VaPUC | ||
| 008 | 040430e19990000SP |||||||||||||||||spa|d | ||
| 020 | |a 847423977X | ||
| 082 | 0 | 4 | |a 339.2 |b LAN |2 21 |
| 100 | 0 | |a Landes, David S |e author |9 484879 | |
| 245 | 1 | 3 | |a La riqueza y la pobreza de las naciones: por qué algunas son tan ricas y otras son tan pobres |
| 300 | |a 604 p | ||
| 942 | |c BK | ||
| 945 | |d 20040430 00:00:00 |a cmena | ||
| 260 | |a Barcelona |b Crítica |c 1999 | ||
| 650 | 0 | |a Distribución del ingreso |9 334288 | |
| 650 | 0 | |a Riqueza |9 256853 | |
| 650 | 0 | |a Pobreza |9 258652 | |
| 650 | 0 | |a Problemas sociales |9 258537 | |
| 650 | 0 | |a Macroeconomía |9 260301 | |
| 583 | |a last modification |c 20040430 00:00:00 |k Rodrigo Vera | ||
| 490 | 0 | |a Serie Mayor | |
| 999 | |c 308966 |d 308964 | ||
| 952 | |0 0 |1 0 |4 0 |6 339_200000000000000_LAN_1999 |7 0 |8 A |9 375975 |a BIBHIS |b BIBHIS |d 2019-11-21 |i 401068K |o 339.2 LAN 1999 |p 401068K |r 2025-01-20 |w 2019-11-21 |y BK |k HIS | ||